NILAI dan etika dalam perkhidmatan awam

Bibliographic Details
Corporate Author: Institut Tadbiran Awam Negara (INTAN)
Other Authors: Mohd. Tap bin Salleh
Format: Book
Published: Kuala Lumpur : Institut Tadbiran Awam Negara , 1991
Subjects:

MARC

LEADER 00000cam a2200000 7i4500
001 0000000645
005 20030417.0
020 0 0 |a 9679933113 
090 0 0 |a 172.209595   |b NIL 1991 
245 0 0 |a NILAI dan etika dalam perkhidmatan awam   |c disunting oleh Mohd. Tap b. Salleh 
260 0 0 |a Kuala Lumpur :   |b Institut Tadbiran Awam Negara ,   |c 1991 
300 |a xviii, 95 p. :   |b ill. (col.) ;   |c 22 cm. 
650 0 0 |a Civil service ethics   |z Malaysia 
650 0 0 |a Civil service   |z Malaysia 
700 0 1 |a Mohd. Tap bin Salleh 
710 1 1 |a Institut Tadbiran Awam Negara (INTAN) 
998 |a JPSM 
999 |a 0000000023   |b Monograph   |c Open Shelf   |e Default branch 
999 |a 0000000024   |b Monograph   |c Open Shelf   |e Default branch 
999 |a 0000002221   |b Monograph   |c Open Shelf   |e Default branch 
999 |a 0000004052   |b Monograph   |c Open Shelf   |e Default branch